Catalog

Record Details

Catalog Search



Kamarád do deště Cover Image Book Book

Kamarád do deště

Record details

  • Physical Description: 183 s.
  • Publisher: Praha : JS Film, 1992
Genre: dobrodružné příběhy

Available copies

  • 1 of 1 copy available at Common Catalog SPOK.

Holds

  • 0 current holds with 1 total copy.
Show Only Available Copies
Location Call Number / Copy Notes Barcode Shelving Location Status Due Date
KDS Library 810 VoJ 204576801504 Library Available -

LDR 00997nam a2200313 4500
00121149
003CZ-PrJAB
00520150713093321.0
008980605s1992 xr |||||||||||000|u|cze d
020 . ‡cKč 36,00
035 . ‡a(CZ PrSKC)KN3148000000095925
040 . ‡aULG001 ‡bcze
080 . ‡a821.162.3-31 ‡2MRF-sel
1001 . ‡aVokřál, Jaroslav, ‡d1944-2000 ‡7jk01150440 ‡4aut
24510. ‡aKamarád do deště
260 . ‡aPraha : ‡bJS Film, ‡c1992
300 . ‡a183 s.
655 7. ‡adobrodružné příběhy ‡7fd132060 ‡2czenas
900 . ‡aULG001 ‡b14
910 . ‡aABE463
998 . ‡a001624665
901 . ‡a21149 ‡b ‡c21149 ‡tbiblio

Additional Resources